000 00536nam a2200217Ia 4500
003 LK-CoDNM
005 20241204112552.0
008 010623t1985 xxu||||| |||| 00| 1 sin d
040 _aLK-CoDNM
_dLK-CoDNM
_eLK-CoDNM
041 _asin
080 _a(x)294.3:726.1[3]
_bP.Box
100 _aPrematilaka, P.L.
245 _aනාලන්ද
246 _aNalanda
260 _bCentral Cultural Fund
_aColombo
_c1985
300 _b12p. : ill ; 21 cm
650 _aBuddhism
650 _a1985
650 _aNalanda
942 _cBK
999 _c112958
_d112958